LEADER 00875nam0 2200289 450 001 000014250 005 20080711111828.0 010 $a88-14-11516-8 100 $a20080711d2004----km-y0itay50------ba 101 0 $aita 102 $aIT 105 $ay-------001yy 200 1 $aAspetti e problemi del costituzionalismo$fPaola Bilancia, Federico Gustavo Pizzetti 210 $aMilano$cGiuffrè$dc2004 215 $aXXI, 363 p.$d24 cm 410 0$12001 610 1 $aRegione e Stato 610 1 $aStato federale 610 1 $aPrincipio di sussidiarietà 676 $a342.02$v20 700 1$aBilancia,$bPaola$0231445 701 1$aPizzetti,$bFederico Gustavo$0149510 801 0$aIT$bUNIPARTHENOPE$c20080711$gRICA$2UNIMARC 912 $a000014250 951 $a342-A/2$b40715$cNAVA1$d2008 996 $aAspetti e problemi del costituzionalismo$91202422 997 $aUNIPARTHENOPE LEADER 01015nam0-22003851i-450 001 990001069750403321 005 20180925090022.0 035 $a000106975 035 $aFED01000106975 035 $a(Aleph)000106975FED01 100 $a20000920d1959----km-y0itay50------ba 101 0 $aeng 200 1 $aAdvances in Spectroscopy$fEdited by H.W. Thompson 210 $aNew York$cInterscience$d1959 300 $aVol. 1. 300 $aVol. 2. 610 0 $aStruttura atomica 610 0 $aSpettroscopia 676 $a539.14$a535.84 700 1$aThompson,$bHarold Warris$050907 801 0$aIT$bUNINA$gRICA$2UNIMARC 901 $aBK 912 $a990001069750403321 952 $aDCH-020-22/1$b669/L$fDCH 952 $aDCH-020-22/2$b9366$fDCH 952 $a35-014.001$fFI1 952 $a35-014$b1781$fFI1 952 $a35-014.002$fFI1 952 $a35-014.003$fFI1 959 $aDCH 959 $aDCH 959 $aFI1 996 $aAdvances in Spectroscopy$9339857 997 $aUNINA DB $aING01 LEADER 00861nam a22002411i 4500 001 991003658249707536 005 20030929125509.0 008 031111s1967 fr |||||||||||||||||fre 035 $ab12457334-39ule_inst 035 $aARCHE-049062$9ExL 040 $aDip.to Lingue$bita$cA.t.i. Arché s.c.r.l. Pandora Sicilia s.r.l. 082 04$a842.91 100 1 $aAnouilh, Jean$0196483 245 10$aPièces roses /$cJean Anouilh 260 $aParis :$bLa table ronde,$c1967 300 $a374 p. ;$c20 cm 650 4$aLetteratura drammatica francese$ySec. 20. 907 $a.b12457334$b02-04-14$c13-11-03 912 $a991003658249707536 945 $aLE012 848.91 ANO 05$g1$i2012000148222$lle012$o-$pE0.00$q-$rl$s- $t0$u0$v0$w0$x0$y.i12886622$z13-11-03 996 $aPièces roses$9179116 997 $aUNISALENTO 998 $ale012$b13-11-03$cm$da $e-$ffre$gfr $h0$i1 LEADER 01172nam a22003011i 4500 001 991002205809707536 005 20040217110430.0 008 040407s1971 fr |||||||||||||||||fre 035 $ab12887031-39ule_inst 035 $aARCHE-086665$9ExL 040 $aDip.to Scienze Storiche$bita$cA.t.i. Arché s.c.r.l. Pandora Sicilia s.r.l. 082 04$a709.44 100 1 $aDimier, Anselme M.$0486138 245 12$aL'art cistercien :$bhors de France /$cAnselme Dimier ; traduction anglaise de Paul Veyriras et Marie-Thérèse Blanchon ; traduction allemande d'Hilaire de Vos 260 $a[S.l.] :$bZodiaque,$c1971 300 $a1 v. ;$c23 cm 440 3$aLa nuit des temps 650 4$aArte gotica$ySec. 11.-12. 650 4$aArchitettura gotica$ySec. 12. 700 1 $aVeyriras, Paul 700 1 $aVos, Hilaire :$cde 700 1 $aBlanchon, Marie Thèrèse 907 $a.b12887031$b02-04-14$c16-04-04 912 $a991002205809707536 945 $aLE009 LA Coll. 4/34$g1$i2009000363106$lle009$o-$pE0.00$q-$rn$so $t0$u0$v0$w0$x0$y.i13450384$z16-04-04 996 $aArt cistercien$9301003 997 $aUNISALENTO 998 $ale009$b16-04-04$cm$da $e-$ffre$gfr $h2$i1